[Event "EU-ch (Women) 24th"]
[Site "Rhodes"]
[Date "2024.04.21"]
[Round "3"]
[White "Tsetskhladze, Mariam"]
[Black "Sulejmanova, Ava"]
[Result "1-0"]
[WhiteElo "1955"]
[BlackElo "2139"]
[PlyCount "97"]
[EventDate "2024.04.19"]
[EventType "swiss"]
[EventRounds "10"]
[EventCountry "GRE"]
[SourceTitle "CB18_2024"]
[SourceDate "2024.05.01"]
[SourceVersion "1"]
[SourceVersionDate "2024.05.01"]
[SourceQuality "2"]

1. e4 c5 2. Nf3 Nc6 3. Bb5 e6 4. 0-0 Nge7 5. Re1 a6 6. Bf1 d5 7. exd5 Qxd5 8. Nc3 Qd8 9. d3 Nf5 10. Ne4 Be7 11. Bf4 0-0 12. c3 b6 13. Qb3 Kh8 14. Rad1 f6 15. g3 g5 16. Bc1 g4 17. Nfd2 Ne5 18. Bg2 Ra7 19. Nc4 Nf3+ 20. Bxf3 gxf3 21. Qxb6 Rd7 22. Qxd8 Rfxd8 23. Nb6 Bb7 24. Nxd7 Rxd7 25. b3 e5 26. Ba3 Rc7 27. Nd2 Kg8 28. Nc4 Kf7 29. Nb6 h5 30. Nc4 Bf8 31. Bc1 Rd7 32. Ba3 Rc7 33. Ne3 Nd6 34. Bb2 f5 35. Nc4 Nxc4 36. dxc4 Be4 37. Rd8 Ke7 38. Red1 Bc2 39. R1d5 Be4 40. R5d6 Bh6 41. Ba3 Bg5 42. b4 Bc6 43. b5 axb5 44. Bxc5 Kf7 45. Rf8+ Kg7 46. Rxf5 Bc1 47. Rxe5 bxc4 48. Bb6 Rc8 49. Rd8 1-0

[Event "GEO-ch (Women) 81st"]
[Site "Tbilisi"]
[Date "2024.02.17"]
[Round "8"]
[White "Batsiashvili, Nino"]
[Black "Tsetskhladze, Mariam"]
[Result "1-0"]
[WhiteElo "2447"]
[BlackElo "1881"]
[PlyCount "119"]
[EventDate "2024.02.09"]
[EventType "tourn"]
[EventRounds "9"]
[EventCountry "GEO"]
[SourceTitle "CB08_2024"]
[SourceDate "2024.02.21"]
[SourceVersion "1"]
[SourceVersionDate "2024.02.21"]
[SourceQuality "1"]

1. d4 d5 2. Nc3 e6 3. e4 dxe4 4. Nxe4 Nd7 5. Nf3 Ngf6 6. Ng3 c5 7. Be2 Be7 8. 0-0 0-0 9. c4 cxd4 10. Nxd4 a6 11. Be3 Qc7 12. Rc1 b6 13. Bf3 Bb7 14. Bxb7 Qxb7 15. Qe2 Rac8 16. Rfd1 Rfe8 17. a3 Bf8 18. h3 h6 19. Nf1 Nb8 20. b4 Red8 21. Qb2 Ne4 22. Nd2 Nd6 23. Qb3 Nc6 24. N2f3 Nxd4 25. Nxd4 e5 26. Nf3 Nf5 27. Nxe5 Nxe3 28. Qxe3 Rxd1+ 29. Rxd1 Re8 30. Qd4 a5 31. c5 axb4 32. axb4 bxc5 33. bxc5 Qc7 34. Nd7 Rc8 35. Rc1 Rd8 36. c6 Bd6 37. Rd1 Be7 38. Qd5 Rc8 39. Rc1 Bd6 40. Rc3 Ra8 41. g3 Ra5 42. Qe4 Qd8 43. Kg2 Bc7 44. Re3 Ra8 45. h4 Rc8 46. Qg4 Kh8 47. Qf5 Kg8 48. Re4 Bd6 49. Qd5 Bc7 50. Qd4 f6 51. Re6 Kh8 52. Qe4 Qg8 53. h5 Be5 54. Nxe5 fxe5 55. Qxe5 Kh7 56. c7 Qf8 57. Re7 Ra8 58. Rd7 Rc8 59. Qe4+ Kh8 60. Qd3 1-0

[Event "Wch U14 Girls"]
[Site "Montesilvano"]
[Date "2023.11.23"]
[Round "10"]
[White "Lyutsinger, Iren"]
[Black "Tsetskhladze, Mariam"]
[Result "1-0"]
[WhiteElo "2020"]
[BlackElo "1911"]
[PlyCount "101"]
[EventDate "2023.11.13"]
[EventType "swiss"]
[EventRounds "11"]
[EventCountry "ITA"]
[SourceTitle "CB48_2023"]
[SourceDate "2023.11.29"]
[SourceVersion "1"]
[SourceVersionDate "2023.11.29"]
[SourceQuality "1"]

1. e4 c5 2. Nf3 Nc6 3. Bb5 g6 4. Bxc6 dxc6 5. d3 Bg7 6. 0-0 e5 7. h3 Qe7 8. a3 Nf6 9. b4 0-0 10. Nbd2 Rd8 11. Qe2 Be6 12. Ng5 Bd7 13. Nc4 Nh5 14. Rb1 cxb4 15. axb4 b6 16. Be3 Nf4 17. Bxf4 exf4 18. Nf3 Be6 19. Nfd2 Qc7 20. Nb3 Re8 21. Qf3 Rad8 22. Rfd1 Bc3 23. d4 Bxd4 24. Nxd4 Bxc4 25. c3 Rd7 26. Nc2 Rde7 27. Rd4 Be6 28. Rd2 Bc8 29. Re1 c5 30. bxc5 Qxc5 31. Qxf4 Qxc3 32. Nd4 a6 33. e5 b5 34. h4 h5 35. Nf3 Qc7 36. Qh6 f6 37. Qxg6+ Kf8 38. Qxf6+ Kg8 39. Qg6+ Kf8 40. Rd4 Rf7 41. Ng5 Bf5 42. Qxf7+ Qxf7 43. Nxf7 Kxf7 44. Rd6 Re6 45. Rxe6 Bxe6 46. Ra1 Bc8 47. Rc1 Bd7 48. Rc7 Ke8 49. Ra7 Bc8 50. Ra8 Kd7 51. e6+ 1-0

[Event "Wch U14 Girls"]
[Site "Montesilvano"]
[Date "2023.11.21"]
[Round "8"]
[White "Mkrtchyan, Anahit H"]
[Black "Tsetskhladze, Mariam"]
[Result "0-1"]
[WhiteElo "1630"]
[BlackElo "1911"]
[PlyCount "102"]
[EventDate "2023.11.13"]
[EventType "swiss"]
[EventRounds "11"]
[EventCountry "ITA"]
[SourceTitle "CB48_2023"]
[SourceDate "2023.11.29"]
[SourceVersion "1"]
[SourceVersionDate "2023.11.29"]
[SourceQuality "1"]

1. e4 c5 2. Nc3 Nc6 3. Bb5 Nd4 4. Bc4 e6 5. Nge2 Nf6 6. 0-0 a6 7. a4 d5 8. exd5 exd5 9. Ba2 Bg4 10. d3 Bd6 11. h3 Nxe2+ 12. Nxe2 Be6 13. f4 d4 14. Bxe6 fxe6 15. c3 0-0 16. Qb3 Qd7 17. cxd4 cxd4 18. Bd2 Nd5 19. Kh1 Bc5 20. a5 Kh8 21. Rfc1 Rac8 22. Rc4 Ne7 23. Rac1 Ba7 24. Bb4 Rxc4 25. Rxc4 Rd8 26. Bc5 Bxc5 27. Rxc5 Nc6 28. Qb6 h6 29. b4 Re8 30. b5 Ne7 31. bxa6 bxa6 32. Qxa6 Nd5 33. Qc4 Rf8 34. Qxd4 Qb7 35. Qe4 Qb8 36. Qxe6 Nxf4 37. Nxf4 Qxf4 38. Qe4 Qd2 39. a6 Qa2 40. Qb7 Qa1+ 41. Kh2 Qd4 42. Qc7 Rf1 43. Rf5 Qg1+ 44. Kg3 Qe3+ 45. Kh4 Qe1+ 46. Kg4 Qe6 47. Qb8+ Kh7 48. a7 Qg6+ 49. Kh4 Rxf5 50. g4 Qg5+ 51. Kg3 Qe3+ 0-1

[Event "EU-ch U14 Girls 31st"]
[Site "Mamaia"]
[Date "2023.09.10"]
[Round "5"]
[White "Tsetskhladze, Mariam"]
[Black "Huseynova, Lala"]
[Result "1/2-1/2"]
[WhiteElo "1842"]
[BlackElo "1847"]
[PlyCount "65"]
[EventDate "2023.09.05"]
[EventType "swiss"]
[EventRounds "9"]
[EventCountry "ROU"]
[SourceTitle "EXT 2024"]
[Source "ChessBase"]
[SourceDate "2023.10.10"]
[SourceVersion "1"]
[SourceVersionDate "2023.10.10"]
[SourceQuality "1"]

1. e4 c5 2. Nf3 d6 3. Bb5+ Bd7 4. Bxd7+ Qxd7 5. c4 e5 6. Nc3 Nc6 7. d3 Be7 8. 0-0 Bd8 9. Kh1 Nge7 10. Nh4 0-0 11. g4 g6 12. Rg1 Nd4 13. f4 exf4 14. Bxf4 f6 15. Ng2 Rb8 16. Ne3 b5 17. cxb5 Nxb5 18. Qb3+ Kg7 19. a4 g5 20. Bg3 Nxc3 21. Qxb8 Bc7 22. Qb3 Ne2 23. Rgf1 Rb8 24. Qc2 Nxg3+ 25. hxg3 d5 26. exd5 Bxg3 27. Qxc5 Bd6 28. Qc2 h5 29. Nf5+ Nxf5 30. gxf5 Rb4 31. Qc6 Rh4+ 32. Kg1 Rg4+ 33. Kh1 1/2-1/2

[Event "GEO-ch (Women) 80th"]
[Site "Tbilisi"]
[Date "2023.02.10"]
[Round "5"]
[White "Tsetskhladze, Mariam"]
[Black "Batsiashvili, Nino"]
[Result "0-1"]
[WhiteElo "1747"]
[BlackElo "2493"]
[PlyCount "56"]
[EventDate "2023.02.06"]
[EventType "tourn"]
[EventRounds "9"]
[EventCountry "GEO"]
[SourceTitle "CBM 212 Extra"]
[Source "ChessBase"]
[SourceDate "2023.03.31"]
[SourceVersion "1"]
[SourceVersionDate "2023.03.31"]
[SourceQuality "1"]

1. e4 e5 2. Nf3 Nc6 3. Bc4 Nf6 4. Ng5 d5 5. exd5 Na5 6. Bb5+ c6 7. dxc6 bxc6 8. Bd3 Nd5 9. Nf3 Bd6 10. 0-0 0-0 11. Re1 Bg4 12. Be2 e4 13. Nd4 Bxe2 14. Qxe2 f5 15. d3 Qf6 16. Nb3 exd3 17. cxd3 Rae8 18. Qd1 Rxe1+ 19. Qxe1 Nb4 20. Na3 Nxb3 21. axb3 Nxd3 22. Qe2 Rd8 23. Nc4 Nxc1 24. Rxc1 Qh6 25. Qe3 Bxh2+ 26. Kf1 Bf4 27. Qe7 Bg5 28. Qe5 Bxc1 0-1

[Event "EU-ch U14 Girls 30th"]
[Site "Antalya"]
[Date "2022.11.10"]
[Round "5"]
[White "Tsetskhladze, Mariam"]
[Black "Kawa, Anna"]
[Result "1-0"]
[WhiteElo "1692"]
[BlackElo "1574"]
[PlyCount "71"]
[EventDate "2022.11.06"]
[EventType "swiss"]
[EventRounds "9"]
[EventCountry "TUR"]
[SourceTitle "CBM 211 Extra"]
[Source "ChessBase"]
[SourceDate "2023.01.31"]
[SourceVersion "1"]
[SourceVersionDate "2023.01.31"]
[SourceQuality "1"]

1. e4 e6 2. d4 d5 3. Nd2 Nc6 4. Ngf3 Nf6 5. e5 Nd7 6. c3 f6 7. exf6 Qxf6 8. Bb5 Bd6 9. 0-0 0-0 10. Qa4 Nb6 11. Qb3 a6 12. Be2 Kh8 13. a4 a5 14. Bb5 e5 15. Bxc6 bxc6 16. dxe5 Bxe5 17. Nxe5 Qxe5 18. Qd1 Ba6 19. Re1 Qf5 20. Nf3 Nc4 21. Qd4 Qg6 22. Ne5 Nxe5 23. Rxe5 Rf7 24. Bd2 Raf8 25. Rae1 h6 26. Re6 Rf6 27. Rxf6 Rxf6 28. Qe5 Qc2 29. Be3 Kh7 30. Bd4 Qxa4 31. Qxc7 Rg6 32. h4 Qb5 33. Kh2 Qd3 34. Re7 Rxg2+ 35. Kxg2 Qf1+ 36. Kh2 1-0

[Event "EU-ch U14 Girls 30th"]
[Site "Antalya"]
[Date "2022.11.07"]
[Round "2"]
[White "Zhapova, Yana"]
[Black "Tsetskhladze, Mariam"]
[Result "1-0"]
[WhiteElo "2220"]
[BlackElo "1692"]
[PlyCount "79"]
[EventDate "2022.11.06"]
[EventType "swiss"]
[EventRounds "9"]
[EventCountry "TUR"]
[SourceTitle "CBM 211 Extra"]
[Source "ChessBase"]
[SourceDate "2023.01.31"]
[SourceVersion "1"]
[SourceVersionDate "2023.01.31"]
[SourceQuality "1"]

1. e4 c5 2. Nf3 Nc6 3. Bb5 e5 4. 0-0 Bd6 5. c3 a6 6. Ba4 b5 7. Bc2 Nge7 8. h3 Qc7 9. d3 0-0 10. Nbd2 Ng6 11. Nb3 Be7 12. Be3 d6 13. d4 exd4 14. cxd4 c4 15. Nc1 Nb4 16. Bb1 Bf6 17. Ne2 Bb7 18. Nc3 Nd3 19. Bxd3 cxd3 20. Qxd3 b4 21. Ne2 a5 22. Rfc1 Qd7 23. Ng3 Rfc8 24. Rxc8+ Rxc8 25. a3 d5 26. e5 Be7 27. axb4 axb4 28. Qf5 Qe8 29. Bg5 Bf8 30. Nh5 Qe6 31. Qxe6 fxe6 32. Ra7 Bc6 33. Bf6 Be8 34. Nxg7 Bf7 35. Ng5 Bxg7 36. Rxf7 Bh6 37. Rb7 Nf8 38. Nf7 Bf4 39. g3 Bd2 40. Ng5 1-0

[Event "EU-ch Schools U13 Girls"]
[Site "Rhodes"]
[Date "2022.04.22"]
[Round "2"]
[White "Tsetskhladze, Mariam"]
[Black "Kirtadze, Anastasia"]
[Result "0-1"]
[WhiteElo "1493"]
[BlackElo "1783"]
[PlyCount "100"]
[EventDate "2022.04.21"]
[EventType "swiss"]
[EventRounds "9"]
[EventCountry "GRE"]
[SourceTitle "CBM 208 Extra"]
[Source "ChessBase"]
[SourceDate "2022.07.31"]
[SourceVersion "1"]
[SourceVersionDate "2022.07.31"]
[SourceQuality "1"]

1. e4 c5 2. Nf3 e6 3. g3 Nc6 4. Bg2 g6 5. 0-0 Bg7 6. c3 e5 7. c4 Nge7 8. d3 d6 9. Nc3 0-0 10. Rb1 h6 11. a3 a5 12. Ne1 f5 13. exf5 Bxf5 14. Nc2 Qd7 15. Ne3 Be6 16. Ncd5 Rab8 17. Bd2 Nf5 18. b4 axb4 19. axb4 Nfd4 20. b5 Ne7 21. Nxe7+ Qxe7 22. Nc2 Bf5 23. Nxd4 exd4 24. Ba5 b6 25. Be1 h5 26. h3 Qd7 27. Kh2 Be6 28. Bd2 d5 29. cxd5 Bxd5 30. Bxd5+ Qxd5 31. Qb3 Qxb3 32. Rxb3 Ra8 33. Bf4 Rfe8 34. Kg2 Be5 35. Bg5 Bd6 36. h4 Ra4 37. Bd2 Re2 38. Rd1 Ra2 39. Be1 Kf7 40. Kf1 Ke6 41. Rbb1 Reb2 42. Kg2 Rxb1 43. Rxb1 Ra3 44. Rd1 Rb3 45. Kf3 Kd5 46. g4 c4 47. gxh5 gxh5 48. Ke2 Rb2+ 49. Kf1 c3 50. Rc1 Bf4 0-1

[Event "EU-ch Hybrid U12 Girls"]
[Site "Tornelo INT"]
[Date "2021.10.15"]
[Round "6"]
[White "Romanchenko, Olga"]
[Black "Tsetskhladze, Mariam"]
[Result "0-1"]
[WhiteElo "1208"]
[BlackElo "1413"]
[PlyCount "108"]
[EventDate "2021.10.15"]
[EventType "swiss"]
[EventRounds "9"]
[EventCountry "NET"]
[SourceTitle "EXT 2023"]
[Source "ChessBase"]
[SourceDate "2022.10.05"]
[SourceVersion "1"]
[SourceVersionDate "2022.10.05"]
[SourceQuality "1"]
[WhiteTeam "Russia"]
[BlackTeam "Georgia"]
[WhiteTeamCountry "RUS"]
[BlackTeamCountry "GEO"]

1. c4 e6 2. Nc3 Nf6 3. d4 d5 4. Bg5 Be7 5. e3 Nbd7 6. cxd5 exd5 7. Nf3 0-0 8. Bd3 c6 9. 0-0 Ne4 10. Bxe7 Qxe7 11. Qc2 Ndf6 12. Ne5 Nxc3 13. bxc3 h6 14. c4 dxc4 15. Nxc4 Nd5 16. a3 Be6 17. Ne5 Rac8 18. Rfc1 Nb6 19. Bf5 Bxf5 20. Qxf5 c5 21. Nc4 cxd4 22. Nxb6 Rxc1+ 23. Rxc1 axb6 24. exd4 Qxa3 25. Rb1 Qa4 26. Qe4 Re8 27. Qxb7 Qxd4 28. h3 Re6 29. Qc8+ Kh7 30. Qc2+ g6 31. Qc7 Rf6 32. Qc2 Rf5 33. Qb2 Qxb2 34. Rxb2 b5 35. f3 Kg7 36. Kf2 Kf6 37. Ke3 Rd5 38. g4 Ke5 39. f4+ Kd6 40. Ke4 f5+ 41. gxf5 gxf5+ 42. Ke3 Kc5 43. Rc2+ Kb6 44. h4 h5 45. Rg2 b4 46. Rg8 Kb5 47. Rh8 b3 48. Rb8+ Kc4 49. Rc8+ Rc5 50. Rd8 b2 51. Rb8 Rb5 52. Rc8+ Kb3 53. Kd2 b1Q 54. Rc3+ Ka4 0-1